[Event "1000GM Summer GM-A"]
[Site "New York USA"]
[Date "2024.07.13"]
[Round "6.5"]
[White "Panjwani, Raja"]
[Black "Rorrer, Grayson"]
[Result "1/2-1/2"]
[WhiteElo "2458"]
[BlackElo "2391"]
[PlyCount "119"]
[EventDate "2024.07.09"]
[EventType "tourn"]
[EventRounds "9"]
[EventCountry "USA"]
[EventCategory "8"]
[Source "ChessMix "]
[SourceDate "2024.07.20"]

1. Nf3 Nf6 2. g3 g6 3. c4 Bg7 4. d4 c6 5. Bg2 d5 6. cxd5 cxd5 7. Nc3 Nc6 8. Ne5
O-O 9. h3 Ne4 10. Nxc6 bxc6 11. Nxe4 dxe4 12. Be3 f5 13. Qa4 Qb6 14. O-O Qb5
15. Qxb5 cxb5 16. Rfc1 Rd8 17. Rc5 a6 18. Rd1 e5 19. d5 Bf8 20. Bg5 Rd7 21. d6
Rxd6 22. Rxd6 Bxd6 23. Rc6 Bf8 24. e3 Bd7 25. Rc7 Be6 26. Bf6 Bxa2 27. Bxe5 a5
28. f3 Re8 29. Bd4 Bc4 30. fxe4 fxe4 31. h4 a4 32. Bh3 Be6 33. Bf1 Rb8 34. Ba7
Rd8 35. Bd4 b4 36. Ra7 a3 37. bxa3 bxa3 38. Ba6 a2 39. Bb7 Bg7 40. Bd5 Rxd5 41.
Rxg7+ Kf8 42. Ra7 Rb5 43. g4 h5 44. gxh5 Rxh5 45. Ra6 Ke7 46. Ra7+ Kd6 47. Ra6+
Kd7 48. Ra7+ Kc8 49. Ra6 Kd7 50. Ra7+ Kc8 51. Ra6 Rd5 52. Ra8+ Kb7 53. Rxa2
Rg5+ 54. Rg2 Rg4 55. Rxg4 Bxg4 56. Kh2 Kc6 57. Kg3 Bh5 58. Kf4 Kd5 59. Kg5 Kc4
60. Kf4 1/2-1/2

[Event "1000GM Summer GM-A"]
[Site "New York USA"]
[Date "2024.07.13"]
[Round "7.2"]
[White "Ostrovskiy, Aleksandr A"]
[Black "Panjwani, Raja"]
[Result "0-1"]
[WhiteElo "2393"]
[BlackElo "2458"]
[PlyCount "62"]
[EventDate "2024.07.09"]
[EventType "tourn"]
[EventRounds "9"]
[EventCountry "USA"]
[EventCategory "8"]
[Source "ChessMix "]
[SourceDate "2024.07.20"]

1. e4 e5 2. Nf3 Nc6 3. Bc4 Nf6 4. d3 h6 5. c3 d6 6. O-O g5 7. Nbd2 Bg7 8. Bb3
a5 9. Nc4 g4 10. Nfd2 h5 11. a4 Be6 12. Ne3 Qd7 13. Re1 O-O-O 14. Bxe6 fxe6 15.
b4 d5 16. bxa5 Nxa5 17. Rb1 dxe4 18. dxe4 Qd3 19. Rb5 Qxc3 20. Qe2 Nc6 21. Rb3
Qa5 22. Ndc4 Qa6 23. Qb2 Nd4 24. Rb5 Nxe4 25. Ra5 Qc6 26. Nxe5 Bxe5 27. Rxe5
Rhf8 28. Nd1 Nc5 29. R5e3 Nxa4 30. Qb1 Nc2 31. Rxe6 Qxe6 0-1

[Event "1000GM Summer GM-A"]
[Site "New York USA"]
[Date "2024.07.14"]
[Round "8.4"]
[White "Panjwani, Raja"]
[Black "Chasin, Nico Werner"]
[Result "1/2-1/2"]
[WhiteElo "2458"]
[BlackElo "2436"]
[PlyCount "73"]
[EventDate "2024.07.09"]
[EventType "tourn"]
[EventRounds "9"]
[EventCountry "USA"]
[EventCategory "8"]
[Source "ChessMix "]
[SourceDate "2024.07.20"]

1. Nf3 d5 2. g3 Bg4 3. Bg2 c6 4. O-O Nd7 5. h3 Bh5 6. d4 e6 7. c4 Ngf6 8. cxd5
exd5 9. Ne5 Bg6 10. Nc3 Qb6 11. Nxg6 hxg6 12. Rb1 a5 13. Bf4 Be7 14. g4 Nf8 15.
Na4 Qb5 16. Re1 Ne6 17. e3 Nxf4 18. exf4 Kf8 19. a3 Qa6 20. Qb3 b5 21. Nc5 Bxc5
22. dxc5 Re8 23. Rxe8+ Kxe8 24. g5 Nh5 25. Qe3+ Kd8 26. Re1 Qa7 27. Qe5 f6 28.
Qd6+ Qd7 29. Qb8+ Qc8 30. Qa7 Re8 31. Qxa5+ Kd7 32. Qa7+ Kd8 33. Qa5+ Kd7 34.
Qa7+ Kd8 35. Qb6+ Kd7 36. Qa7+ Kd8 37. Qa5+ 1/2-1/2

[Event "1000GM Summer GM-A"]
[Site "New York USA"]
[Date "2024.07.14"]
[Round "9.3"]
[White "Huston, Gus"]
[Black "Panjwani, Raja"]
[Result "0-1"]
[WhiteElo "2395"]
[BlackElo "2458"]
[PlyCount "102"]
[EventDate "2024.07.09"]
[EventType "tourn"]
[EventRounds "9"]
[EventCountry "USA"]
[EventCategory "8"]
[Source "ChessMix "]
[SourceDate "2024.07.20"]

1. d4 f5 2. Nf3 Nf6 3. g3 e6 4. Bg2 Be7 5. O-O O-O 6. c4 d6 7. Nc3 Ne4 8. Qc2
Nxc3 9. bxc3 Nc6 10. e4 e5 11. Rd1 Qe8 12. c5 Qh5 13. cxd6 cxd6 14. exf5 Bxf5
15. Qb3+ Kh8 16. Qxb7 Be4 17. d5 Bxf3 18. Bxf3 Qxf3 19. Be3 Bg5 20. Bxg5 Qxf2+
21. Kh1 Na5 22. Qb5 Rab8 23. Qd3 e4 24. Qd4 Rb2 25. Rd2 Rxd2 26. Bxd2 Qe2 27.
Bf4 Nc4 28. Kg1 e3 29. Qe4 h6 30. Kh1 Rb8 31. Rg1 Qf2 32. g4 Rf8 33. Bg3 Qe2
34. Qg2 Qxg4 35. Bh4 Qxg2+ 36. Kxg2 g5 37. Bg3 e2 38. Bf2 Nb2 39. c4 Nd3 40.
Be1 Kh7 41. h4 Kg6 42. hxg5 hxg5 43. Bg3 Re8 44. Be1 Kf5 45. Rh1 Ke4 46. Bc3
Rf8 47. Rh6 e1=N+ 48. Kg3 Rf3+ 49. Kh2 Rf2+ 50. Kg1 Nf3+ 51. Kh1 Rf1+ 0-1

[Event "Olympiad"]
[Site "Budapest HUN"]
[Date "2024.09.11"]
[Round "1.1"]
[White "Panjwani, Raja"]
[Black "Hamperl, Fred"]
[Result "1-0"]
[WhiteElo "2460"]
[BlackElo "1977"]
[PlyCount "169"]
[EventDate "2024.09.11"]
[EventType "team"]
[EventRounds "11"]
[EventCountry "HUN"]
[Source "ChessMix "]
[SourceDate "2024.10.01"]
[WhiteTeam "Canada"]
[BlackTeam "Guernsey"]
[WhiteTeamCountry "CAN"]

1. Nf3 Nf6 2. c4 c6 3. d4 d5 4. e3 e6 5. Bd3 Nbd7 6. O-O dxc4 7. Bxc4 b5 8. Bb3
Bd6 9. Nc3 Bb7 10. e4 e5 11. dxe5 Nxe5 12. Bf4 Qe7 13. Bxe5 Bxe5 14. Nxe5 Qxe5
15. f4 Qc5+ 16. Kh1 O-O 17. e5 Rad8 18. Qf3 Nd5 19. Ne4 Qe3 20. Nd6 Qxf3 21.
Rxf3 Bc8 22. Rc1 Ne7 23. f5 a5 24. a3 a4 25. Ba2 c5 26. Rxc5 Nxf5 27. Bxf7+
Rxf7 28. Rxc8 Rxc8 29. Nxc8 Rc7 30. Rc3 Rxc3 31. bxc3 Kf7 32. Na7 Ke6 33. Nxb5
Kxe5 34. c4 Ne3 35. c5 Kd5 36. Nc3+ Kxc5 37. Nxa4+ Kc4 38. Nb6+ Kb5 39. Nd7 Ka4
40. Nc5+ Kxa3 41. Ne6 Kb4 42. Nxg7 Kc4 43. Kg1 Kd5 44. Kf2 Ng4+ 45. Kg3 Nf6 46.
Kf4 Kd6 47. Kg5 Ke7 48. Nh5 Ng8 49. g4 Kf7 50. h3 h6+ 51. Kf5 Ne7+ 52. Ke4 Kg6
53. h4 Kf7 54. Nf4 Nc6 55. Ne2 Kf6 56. Nd4 Nd8 57. Kd5 Nf7 58. Nf3 Nd8 59. Nd2
Nf7 60. Ne4+ Kg6 61. h5+ Kg7 62. Ke6 Nd8+ 63. Kf5 Nf7 64. Ng3 Nd6+ 65. Ke6 Nc4
66. Nf5+ Kh7 67. Kf6 Nd2 68. Nd4 Ne4+ 69. Kf5 Nd6+ 70. Ke5 Nc4+ 71. Kf4 Nd6 72.
Ne6 Nf7 73. Kf5 Nd6+ 74. Ke5 Ne8 75. Nd4 Nc7 76. Kd6 Na6 77. Ne6 Nb4 78. Ke7
Nd5+ 79. Kf7 Ne3 80. Nf8+ Kh8 81. Ng6+ Kh7 82. Ne5 Nd5 83. Nd7 Nf4 84. Nf8+ Kh8
85. Ng6+ 1-0

[Event "Olympiad"]
[Site "Budapest HUN"]
[Date "2024.09.12"]
[Round "2.2"]
[White "Tari, Aryan"]
[Black "Panjwani, Raja"]
[Result "1-0"]
[WhiteElo "2642"]
[BlackElo "2460"]
[PlyCount "97"]
[EventDate "2024.09.11"]
[EventType "team"]
[EventRounds "11"]
[EventCountry "HUN"]
[Source "ChessMix "]
[SourceDate "2024.10.01"]
[WhiteTeam "Norway"]
[BlackTeam "Canada"]
[WhiteTeamCountry "NOR"]
[BlackTeamCountry "CAN"]

1. e4 c5 2. Nf3 g6 3. c3 d5 4. e5 Bg4 5. Bb5+ Nc6 6. O-O Qb6 7. Bxc6+ Qxc6 8.
d4 cxd4 9. cxd4 Nh6 10. Nbd2 Bg7 11. h3 Bf5 12. Nb3 Bc2 13. Qe2 Qc4 14. Re1 Rc8
15. Bg5 Qxe2 16. Rxe2 Bd3 17. Re3 Bf5 18. g4 Bd7 19. Nc5 b6 20. e6 fxe6 21.
Nxe6 Bxe6 22. Rxe6 O-O 23. Kg2 Nf7 24. Bxe7 Rfe8 25. Rae1 Bf8 26. Bxf8 Rxe6 27.
Rxe6 Kxf8 28. Re2 Rc1 29. Kg3 Nd6 30. Kf4 Rc7 31. Ng5 Rd7 32. Ke5 Nf7+ 33. Kf6
Nxg5 34. Kxg5 Kg7 35. f4 h6+ 36. Kh4 Rc7 37. Re5 Rc2 38. Rxd5 Rxb2 39. Rd7+ Kg8
40. Rxa7 Rb4 41. Rd7 Ra4 42. g5 Rxa2 43. gxh6 b5 44. h7+ Kh8 45. Kg5 Ra6 46. d5
Rb6 47. Kh6 Rb8 48. d6 b4 49. Rg7 1-0

[Event "Olympiad"]
[Site "Budapest HUN"]
[Date "2024.09.13"]
[Round "3.2"]
[White "Panjwani, Raja"]
[Black "Nguyen, Thai Dai Van"]
[Result "1/2-1/2"]
[WhiteElo "2460"]
[BlackElo "2647"]
[PlyCount "161"]
[EventDate "2024.09.11"]
[EventType "team"]
[EventRounds "11"]
[EventCountry "HUN"]
[Source "ChessMix "]
[SourceDate "2024.10.01"]
[WhiteTeam "Canada"]
[BlackTeam "Czech Republic"]
[WhiteTeamCountry "CAN"]
[BlackTeamCountry "CZE"]

1. Nf3 Nf6 2. c4 c6 3. Nc3 d5 4. e3 Nbd7 5. Qc2 e5 6. cxd5 Nxd5 7. d4 Nb4 8.
Qd2 exd4 9. Nxd4 Nb6 10. a3 N4d5 11. Be2 Nxc3 12. Qxc3 Bd6 13. b3 O-O 14. Bb2
Nd5 15. Qc2 Re8 16. Bf3 Qg5 17. O-O Bd7 18. Rfd1 Rad8 19. Ne2 Bf5 20. Qc4 Nb6
21. Qc3 Be5 22. Rxd8 Qxd8 23. Qc1 Nd7 24. Nd4 Qf6 25. Ra2 Bg6 26. b4 Qd6 27. h3
Qe7 28. Ba1 Bb8 29. Rd2 Nf6 30. Nb3 Ne4 31. Bxe4 Bxe4 32. Nc5 Bd5 33. Qc3 Qg5
34. f4 Qg3 35. Re2 Qg6 36. f5 Qg3 37. e4 b6 38. Re3 Qg5 39. h4 Qh6 40. Nd7 Bf4
41. Rf3 Bd2 42. Qxg7+ Qxg7 43. Bxg7 Rxe4 44. Bd4 Re1+ 45. Rf1 Be3+ 46. Bxe3
Rxe3 47. Rf4 Rg3 48. Nf6+ Kf8 49. Rf2 Ke7 50. Nh5 Rxa3 51. Re2+ Kd6 52. Nf6 Bc4
53. Re8 Ra1+ 54. Kh2 h6 55. Ne4+ Kd5 56. Nf6+ Kd4 57. g4 Ra2+ 58. Kg3 Ra3+ 59.
Kf4 Rh3 60. h5 a5 61. Re4+ Kd3 62. bxa5 bxa5 63. Nd7 Bd5 64. Ra4 Ke2 65. Rxa5
Re3 66. Nf6 Rf3+ 67. Ke5 Re3+ 68. Kd6 Kf3 69. g5 hxg5 70. h6 Kf4 71. h7 Rh3 72.
Ra8 Kxf5 73. Ke7 Re3+ 74. Kf8 Rh3 75. Kg7 g4 76. h8=Q Rxh8 77. Rxh8 g3 78. Rh5+
Kf4 79. Kh6 g2 80. Rg5 Bf3 81. Nh5+ 1/2-1/2

[Event "Olympiad"]
[Site "Budapest HUN"]
[Date "2024.09.15"]
[Round "5.2"]
[White "Panjwani, Raja"]
[Black "Tabatabaei, M. Amin"]
[Result "0-1"]
[WhiteElo "2460"]
[BlackElo "2714"]
[PlyCount "96"]
[EventDate "2024.09.11"]
[EventType "team"]
[EventRounds "11"]
[EventCountry "HUN"]
[Source "ChessMix "]
[SourceDate "2024.10.01"]
[WhiteTeam "Canada"]
[BlackTeam "Iran"]
[WhiteTeamCountry "CAN"]
[BlackTeamCountry "IRI"]

1. Nf3 Nf6 2. c4 e6 3. Nc3 d5 4. e3 Bd6 5. b3 O-O 6. Bb2 Re8 7. Nb5 Be7 8. Be5
Na6 9. Be2 c6 10. Nc3 Ne4 11. Qc2 f6 12. Bg3 Nb4 13. Qb1 e5 14. cxd5 Nxc3 15.
dxc3 Nxd5 16. O-O Nxc3 17. Bc4+ Nd5 18. Bd3 h6 19. Bg6 Be6 20. e4 Nc3 21. Qc2
Qa5 22. Bxe8 Rxe8 23. Nh4 Rd8 24. Rfc1 Ba3 25. Re1 Nb5 26. Nf3 Qc3 27. Qe2 Bg4
28. Red1 Nd4 29. Qc4+ Qxc4 30. bxc4 g5 31. Kf1 Be6 32. Nd2 a5 33. Rab1 b5 34.
cxb5 cxb5 35. f3 a4 36. Bf2 b4 37. Bxd4 Rxd4 38. Ke2 h5 39. Ra1 Bb2 40. Rab1
Bc3 41. a3 bxa3 42. Rb8+ Kg7 43. Rb7+ Kg6 44. Rc7 Bxd2 45. Rxd2 Bc4+ 46. Rxc4
Rxc4 47. Rd3 Rc2+ 48. Ke3 a2 0-1

[Event "Olympiad"]
[Site "Budapest HUN"]
[Date "2024.09.18"]
[Round "7.70"]
[White "Panjwani, Raja"]
[Black "Subelj, Jan"]
[Result "0-1"]
[WhiteElo "2460"]
[BlackElo "2498"]
[PlyCount "88"]
[EventDate "2024.09.11"]
[EventType "team"]
[EventRounds "11"]
[EventCountry "HUN"]
[Source "ChessMix "]
[SourceDate "2024.10.01"]
[WhiteTeam "Canada"]
[BlackTeam "Slovenia"]
[WhiteTeamCountry "CAN"]
[BlackTeamCountry "SLO"]

1. Nf3 Nf6 2. c4 e6 3. Nc3 d5 4. e3 Bd6 5. d4 O-O 6. b3 a6 7. Bd3 dxc4 8. bxc4
c5 9. O-O Nbd7 10. Qc2 h6 11. Rd1 Qc7 12. Bb2 cxd4 13. exd4 b6 14. h3 Bb7 15.
Nd2 e5 16. d5 Nc5 17. a4 Nxd3 18. Qxd3 Nh5 19. Nce4 Bb4 20. Qb3 a5 21. Nf3 Rae8
22. Ba3 f5 23. Bxb4 axb4 24. Ng3 Nxg3 25. fxg3 e4 26. Nd4 e3 27. Ne2 Re4 28.
Qxb4 Rxc4 29. Qb3 Qc5 30. d6 Kh7 31. Qb5 Rc2 32. Qxc5 bxc5 33. Nf4 g5 34. Nd5
e2 35. Rd3 c4 36. Rd4 c3 37. Ne3 Rd2 38. Rc4 f4 39. gxf4 gxf4 40. Rc7+ Kg6 41.
Nc2 Rd1+ 42. Kf2 Ba6 43. Ne1 Rxa1 44. d7 Rxa4 0-1

[Event "Olympiad"]
[Site "Budapest HUN"]
[Date "2024.09.20"]
[Round "9.2"]
[White "Annaberdiyev, Meylis"]
[Black "Panjwani, Raja"]
[Result "0-1"]
[WhiteElo "2431"]
[BlackElo "2460"]
[PlyCount "152"]
[EventDate "2024.09.11"]
[EventType "team"]
[EventRounds "11"]
[EventCountry "HUN"]
[Source "ChessMix "]
[SourceDate "2024.10.01"]
[WhiteTeam "Turkmenistan"]
[BlackTeam "Canada"]
[WhiteTeamCountry "TKM"]
[BlackTeamCountry "CAN"]

1. e4 e6 2. d3 d5 3. Nd2 c5 4. Ngf3 Nc6 5. g3 Bd6 6. Bg2 Nge7 7. O-O O-O 8. Nh4
d4 9. f4 f6 10. Nc4 Bc7 11. a4 Bd7 12. Bd2 Na5 13. Bxa5 Bxa5 14. e5 Bc6 15.
exf6 Rxf6 16. Qe2 Bxg2 17. Qxg2 Nd5 18. Qe4 Bc7 19. Nf3 h6 20. Nfd2 Qd7 21. Qe2
Qc6 22. Ne4 Rf7 23. Rae1 Raf8 24. b3 b6 25. Nf2 Re7 26. Ng4 Qe8 27. Qg2 Nc3 28.
Nge5 Bxe5 29. Rxe5 Qd7 30. Rfe1 Rf5 31. Qh3 Nd5 32. Qg2 Rxe5 33. Rxe5 Rf7 34.
Re1 Rf6 35. Qe4 Nb4 36. Ne5 Qd5 37. Qe2 Rf8 38. Qd1 Nc6 39. Qg4 Rf6 40. h4 Ne7
41. h5 Nf5 42. Nc4 Kh7 43. Re5 Qc6 44. Re4 Qd5 45. Kh2 Qc6 46. Qe2 Qd7 47. Ne5
Qe8 48. Ng6 Rxg6 49. hxg6+ Qxg6 50. Qf3 Ne3 51. Rxe3 dxe3 52. Qxe3 Qh5+ 53. Kg2
Qf5 54. Qe4 Kg6 55. Kf3 h5 56. Ke3 Kf6 57. Qa8 Qh3 58. Qd8+ Kf7 59. Qd7+ Kg8
60. Qd8+ Kf7 61. Qd7+ Kg6 62. Qe8+ Kh7 63. Kd2 Qg4 64. Qf7 Kh6 65. Qxa7 Qxg3
66. Qb8 h4 67. Qh8+ Kg6 68. Qe8+ Kf5 69. Qf7+ Kg4 70. Qxe6+ Kxf4 71. Qf7+ Kg4
72. Qxg7+ Kf3 73. Qb7+ Kf2 74. Qxb6 Qe3+ 75. Kc3 Qd4+ 76. Kd2 Qb4+ 0-1

[Event "Olympiad"]
[Site "Budapest HUN"]
[Date "2024.09.21"]
[Round "10.2"]
[White "Panjwani, Raja"]
[Black "Escalona Landi, Samid Eduardo"]
[Result "0-1"]
[WhiteElo "2460"]
[BlackElo "2305"]
[PlyCount "134"]
[EventDate "2024.09.11"]
[EventType "team"]
[EventRounds "11"]
[EventCountry "HUN"]
[Source "ChessMix "]
[SourceDate "2024.10.01"]
[WhiteTeam "Canada"]
[BlackTeam "Venezuela"]
[WhiteTeamCountry "CAN"]
[BlackTeamCountry "VEN"]

1. Nf3 Nf6 2. c4 d6 3. d4 g6 4. Nc3 Bg7 5. e4 O-O 6. Bd3 c5 7. d5 e6 8. h3 Na6
9. O-O e5 10. Bg5 h6 11. Be3 Nh5 12. Qd2 g5 13. Ne2 f5 14. Ng3 Nxg3 15. fxg3 f4
16. Bf2 Bf6 17. g4 Bd7 18. a3 Qe7 19. b4 Rfc8 20. Rfb1 Be8 21. Qd1 Qg7 22. Nd2
Bd8 23. Bc2 Qd7 24. Rb2 Bb6 25. Qe2 Qd8 26. Bd3 Rc7 27. Qe1 Rh7 28. Be2 Rc8 29.
Rc1 Rcc7 30. Kf1 Rcg7 31. Bf3 Qc8 32. Qe2 Bd7 33. Ke1 Nc7 34. Rcb1 Na6 35. Ra1
Be8 36. Kd1 Rc7 37. b5 Nb8 38. Nb3 Rcg7 39. Kc2 Nd7 40. a4 Nf6 41. g3 h5 42.
gxf4 hxg4 43. hxg4 gxf4 44. Rg1 Rg5 45. Rg2 Rh3 46. Rb1 Bg6 47. Re1 Qd8 48. Qd3
Ba5 49. Re2 a6 50. Bxc5 dxc5 51. Nxc5 Qc8 52. Ne6 Rxf3 53. Qxf3 Qxc4+ 54. Kb2
Bxe4 55. Rxe4 Nxe4 56. Rc2 Nc3 57. Rxc3 Qxc3+ 58. Qxc3 Bxc3+ 59. Kxc3 Rg6 60.
g5 axb5 61. axb5 b6 62. Kd3 Kf7 63. Nc7 Ke7 64. Ke4 Rxg5 65. Ne6 Rg6 66. Nc7
Rf6 67. Kf3 Kd7 0-1

[Event "Olympiad"]
[Site "Budapest HUN"]
[Date "2024.09.22"]
[Round "11.2"]
[White "Le, Tuan Minh"]
[Black "Panjwani, Raja"]
[Result "1-0"]
[WhiteElo "2564"]
[BlackElo "2460"]
[PlyCount "61"]
[EventDate "2024.09.11"]
[EventType "team"]
[EventRounds "11"]
[EventCountry "HUN"]
[Source "ChessMix "]
[SourceDate "2024.10.01"]
[WhiteTeam "Vietnam"]
[BlackTeam "Canada"]
[WhiteTeamCountry "VIE"]
[BlackTeamCountry "CAN"]

1. d4 f5 2. g3 Nf6 3. Bg2 g6 4. Nd2 Bg7 5. c3 Nc6 6. Ngf3 d6 7. O-O O-O 8. b4
a6 9. Bb2 e5 10. dxe5 dxe5 11. e4 Qe7 12. a4 Rd8 13. Qe2 Nxe4 14. Nxe4 fxe4 15.
Nd2 Bg4 16. Qxg4 Rxd2 17. Bc1 Qd7 18. Qxe4 Rd1 19. Be3 Rxf1+ 20. Bxf1 Bf6 21.
Be2 Kg7 22. Rd1 Qe8 23. Qc4 Rd8 24. b5 Rxd1+ 25. Bxd1 axb5 26. axb5 Qd8 27. Bb3
Na5 28. Qf7+ Kh8 29. Bd5 Bg7 30. Bg5 Qf8 31. Qxc7 1-0